Evangelion - Quizz #1 - Statistiques

Statistiques générales
  • Ce quiz a été pris 17 fois
    16 depuis la dernière actualisation
  • Le résultat moyen est 5 sur 19
Statistiques - réponses
Question Réponse % Correct
Organisation régissant cette dernière SEELE
71%
Cause de la mort de cette dernière Suicide
71%
Trio de superordinateurs utilisé par la NERV MAGI
50%
Point faible de ces derniers Core
43%
Nom angélique de Kaworu Nagisa Tabris
43%
Dilemme dont souffre Shinji Dilemme du Hérisson
36%
Nom de l'arrivée de cette dernière sur Terre Premier Impact
29%
Vaisseau de Lilith Lune Noire
21%
Ange responsable de la mort de Rei II Armisael
14%
Ancien nom de la NERV Gehirn
14%
Artefacts annonçant l'arrivée des Anges Manuscrits de la Mer Morte
14%
Source d'énergie des Anges Moteur S²
14%
Couteau équipé sur les épaules des Eva Progressive Knife
14%
Signification de ce dernier Ange du libre-arbitre
7%
Montagne ou à été découvert Adam Mont Markham
7%
Opération visant à abattre Ramiel Opération Yashima
7%
Illustrateur principal de la série Yoshiyuki Sadamoto
7%
Nom de la mère d'Asuka Kyoko Zeppelin Soryu
0%
Nom des 3 ordinateurs utilisés par ce dernier Melchior Casper Balthazar
0%
Aucun quiz correspondant
Distribution des résultats
% des personnes avec chaque résultat
Percentile par nombre de réponses
Votre historique - résultats
Vous n’avez pas pris ce quiz depuis la dernière actualisation